Estadísticas para Los 5 países más poblados por continente

Haz click aquí para tomar la prueba!

Estadísticas generales

  • Esta prueba ha sido tomada 10.984 veces
  • La puntuación promedio es 23 de 30

Estadísticas de respuestas

País% Correcto
AsiaChina
98%
North AmericaEstados Unidos
96%
North AmericaMéxico
95%
South AmericaBrasil
94%
OceaniaAustralia
94%
EuropeRusia
93%
North AmericaCanadá
93%
South AmericaArgentina
92%
AsiaIndia
91%
EuropeAlemania
91%
EuropeFrancia
91%
South AmericaColombia
89%
OceaniaNueva Zelanda
87%
South AmericaPerú
84%
South AmericaVenezuela
83%
EuropeItalia
83%
EuropeReino Unido
82%
AfricaEgipto
76%
AfricaNigeria
69%
AsiaIndonesia
68%
AfricaRep. Dem. del Congo
67%
North AmericaGuatemala
59%
OceaniaPapua Nueva Guinea
58%
AsiaPakistán
54%
AsiaBangladés
49%
OceaniaFiyi
49%
AfricaEtiopía
47%
North AmericaHaití
45%
AfricaTanzania
39%
OceaniaIslas Salomón
36%

Distribución de puntuación

Porcentaje por número respondido

Porcentaje de gente con cada puntuación

Historial de tus puntuaciones

No has tomado esta prueba